| 000 | 00475nam a22001817a 4500 | ||
|---|---|---|---|
| 003 | NUST - PNEC | ||
| 005 | 20170116180904.0 | ||
| 008 | 150819b xxu||||| |||| 00| 0 eng d | ||
| 020 | _a- | ||
| 040 | _cLIBRARY | ||
| 082 | _a621.024 WIL | ||
| 100 |
_96512 _aWilson, Mitchell |
||
| 245 |
_aEnergy (Life Science Library) _cMitchell Wilson |
||
| 250 | _a2nd ed. | ||
| 260 |
_aHong-Kong: _bTime Life Books _cc1980. |
||
| 650 |
_96513 _aPower, Mechanics _xME |
||
| 942 |
_2ddc _cBK |
||
| 999 |
_c65031 _d65031 |
||